5 questions de culture générale sur la France - Statistiques

Statistiques générales
  • Ce quiz a été pris 297 fois
    248 depuis la dernière actualisation
  • Le résultat moyen est 52 sur 58
Statistiques - réponses
Question Tuile Select % Correct
Quel est le drapeau français actuel? Non
98%
Cliquez sur le plat qui n'est pas français Baguette Non
98%
Cliquez sur le plat qui n'est pas français Blanquette de veau Non
98%
Cliquez sur le plat qui n'est pas français Bœuf bourguignon Non
98%
Cliquez sur le plat qui n'est pas français Foie gras Non
98%
Cliquez sur le plat qui n'est pas français Ratatouille Non
98%
Quel est le drapeau français actuel? Non
97%
Cliquez sur le plat qui n'est pas français Coq au vin Non
97%
Cliquez sur le plat qui n'est pas français Crème brulée Non
97%
Cliquez sur le plat qui n'est pas français Escargots Non
97%
Cliquez sur le plat qui n'est pas français Financier Non
97%
Cliquez sur le plat qui n'est pas français Tarte tatin Non
97%
Cliquez sur le plat qui n'est pas français Cassoulet Non
96%
Cliquez sur le plat qui n'est pas français Crêpes Non
96%
Cliquez sur le plat qui n'est pas français Huitres Non
96%
Cliquez sur le plat qui n'est pas français Pot au feu Non
96%
Cliquez sur l'innovation qui n'est pas française ou réalisée par un(e) français(e) aéromètre Non
95%
Cliquez sur le plat qui n'est pas français Hachis parmentier Non
95%
Cliquez sur l'innovation qui n'est pas française ou réalisée par un(e) français(e) Ligature Non
95%
Cliquez sur le plat qui n'est pas français Soufflé au fromage Non
95%
Cliquez sur le plat qui n'est pas français Tartare de bœuf Non
95%
Cliquez sur l'innovation qui n'est pas française ou réalisée par un(e) français(e) Bicyclette Non
94%
Cliquez sur le plat qui n'est pas français Croque monsieur Non
94%
Cliquez sur le plat qui n'est pas français Cuisses de grenouilles Non
94%
Cliquez sur l'innovation qui n'est pas française ou réalisée par un(e) français(e) Douche Non
94%
Cliquez sur le plat qui n'est pas français Macaron Non
94%
Cliquez sur l'innovation qui n'est pas française ou réalisée par un(e) français(e) Montgolfière Non
94%
Cliquez sur l'innovation qui n'est pas française ou réalisée par un(e) français(e) Poubelle Non
94%
Cliquez sur l'innovation qui n'est pas française ou réalisée par un(e) français(e) Projecteur de cinéma Non
94%
Cliquez sur l'innovation qui n'est pas française ou réalisée par un(e) français(e) Briquet à gaz Non
93%
Cliquez sur l'innovation qui n'est pas française ou réalisée par un(e) français(e) Carte à puce Non
93%
Cliquez sur l'innovation qui n'est pas française ou réalisée par un(e) français(e) Machine à écrire en braille Non
93%
Cliquez sur l'innovation qui n'est pas française ou réalisée par un(e) français(e) Marteau-pilon Non
93%
Cliquez sur l'innovation qui n'est pas française ou réalisée par un(e) français(e) Photographie Non
93%
Cliquez sur l'innovation qui n'est pas française ou réalisée par un(e) français(e) Sèche-cheveux Non
93%
Cliquez sur l'innovation qui n'est pas française ou réalisée par un(e) français(e) TGV Non
93%
Cliquez sur l'innovation qui n'est pas française ou réalisée par un(e) français(e) Boîte de conserve Non
92%
Cliquez sur le plat qui n'est pas français Ile flottante Non
92%
Cliquez sur l'innovation qui n'est pas française ou réalisée par un(e) français(e) Métier à tisser Non
92%
Cliquez sur l'innovation qui n'est pas française ou réalisée par un(e) français(e) Parapluie pliant Non
92%
Cliquez sur l'innovation qui n'est pas française ou réalisée par un(e) français(e) Vaccin contre le tétanos Non
92%
Cliquez sur l'innovation qui n'est pas française ou réalisée par un(e) français(e) Digicode Non
91%
Cliquez sur l'innovation qui n'est pas française ou réalisée par un(e) français(e) Panneau solaire Non
91%
Cliquez sur le plat qui n'est pas français Profiteroles Non
91%
Cliquez sur l'innovation qui n'est pas française ou réalisée par un(e) français(e) Aquarium Non
90%
Cliquez sur l'innovation qui n'est pas française ou réalisée par un(e) français(e) Machine à calculer Non
90%
Cliquez sur le plat qui n'est pas français Choucroute Non
89%
Cliquez sur le plat qui n'est pas français Croissant Non
88%
Cliquez sur l'innovation qui n'est pas française ou réalisée par un(e) français(e) Boîtes de vitesses automatiques Non
86%
Cliquez sur l'innovation qui n'est pas française ou réalisée par un(e) français(e) Micro ordinateur Non
85%
Dans quelle région se situe le Mont Saint Michel? En Normandie Oui
80%
Dans quelle région se situe le Mont Saint Michel? En Bretagne Non
78%
La France est le pays qui a gagné le plus de batailles au monde Vrai Oui
62%
La France est le pays qui a gagné le plus de batailles au monde Faux Non
61%
Quel est le drapeau français actuel? Non
55%
Quel est le drapeau français actuel? Oui
55%
Cliquez sur le plat qui n'est pas français Canard laqué Oui
43%
Cliquez sur l'innovation qui n'est pas française ou réalisée par un(e) français(e) Téléphone Oui
23%
Aucun quiz correspondant
Distribution des résultats
% des personnes avec chaque résultat
Percentile par nombre de réponses
Votre historique - résultats
Vous n’avez pas pris ce quiz depuis la dernière actualisation